| 000 | 00637nam a2200241Ia 4500 | ||
|---|---|---|---|
| 003 | OSt | ||
| 005 | 20221005120012.0 | ||
| 006 | a|||||r|||| 00| 0 | ||
| 007 | ta | ||
| 008 | 221004b |||||||| |||| 00| 0 rus d | ||
| 024 | _a53305 | ||
| 037 | _cTextual | ||
| 040 |
_aCRL _cCRL _brus |
||
| 041 |
_2rus _arus |
||
| 082 | _aO142,3M21,15, 32K4 | ||
| 100 |
_aDolstoevsky Fyodor Au. _9628366 |
||
| 245 | 0 | _aCrime and punishment | |
| 260 | _c1964 | ||
| 650 | _a RUSSIAN LITERATURE | ||
| 650 | _aRUSSIAN FICTION | ||
| 942 |
_hO142,3M21,15, 32K4 _cTEXL _2cc |
||
| 999 |
_c1036538 _d1036538 |
||